[Event "8th ITLukavac 2019"]
[Site "Lukavac, hotel Lukavac"]
[Date "2019.11.23"]
[Round "3"]
[Board "6"]
[White "Bajramovic, Halid"]
[Black "Bandic, Adnan"]
[Result "0-1"]
[WhiteElo "2066"]
[BlackElo "2218"]
[PlyCount "82"]
[EventDate "2019.11.22"]
[EventRounds "7"]
[EventCountry "BIH"]

1. d4 d5 2. c4 c6 3. cxd5 cxd5 4. Nc3 Nc6 5. Bf4 e6 6. e3 Nf6 7. Bd3 Bd6 8. Bg5
Bd7 9. Nf3 Rc8 10. O-O h6 11. Bh4 Be7 12. Rc1 O-O 13. h3 Ne8 14. Bg3 f5 15. Bb5
Nf6 16. Nd2 Qe8 17. Nb3 Nd8 18. Be2 Nf7 19. Na5 b6 20. Nb3 a5 21. Ba6 Ra8 22.
Qe2 Bd6 23. Bxd6 Nxd6 24. f3 a4 25. Nd2 b5 26. e4 fxe4 27. fxe4 dxe4 28. Rxf6
Rxf6 29. Ndxe4 Nxe4 30. Nxe4 Rxa6 31. Nxf6+ gxf6 32. Qg4+ Kh7 33. Qf4 e5 34.
Qe4+ Kg7 35. Rc3 f5 36. Qb7 exd4 37. Rc5 Qe1+ 38. Kh2 Qe6 39. Rxb5 Rd6 40. Qc7
Rd5 41. Rb7 Qd6+  0-1

[Event "8th ITLukavac 2019"]
[Site "Lukavac, hotel Lukavac"]
[Date "2019.11.23"]
[Round "3"]
[Board "7"]
[White "Stavnjak, Lazar"]
[Black "Culum, Sanjin"]
[Result "1-0"]
[WhiteElo "2207"]
[BlackElo "1931"]
[PlyCount "81"]
[EventDate "2019.11.22"]
[EventRounds "7"]
[EventCountry "BIH"]

1. e4 c5 2. Nf3 Nc6 3. d4 cxd4 4. Nxd4 Nf6 5. Nc3 e5 6. Ndb5 d6 7. Bg5 a6 8.
Bxf6 gxf6 9. Na3 b5 10. Nd5 Bg7 11. c3 O-O 12. Nc2 f5 13. exf5 Bxf5 14. Nce3
Be6 15. g3 Rb8 16. Bg2 Ne7 17. O-O f5 18. Qh5 Nxd5 19. Bxd5 Qe7 20. Rad1 Bxd5
21. Nxd5 Qf7 22. Qxf7+ Kxf7 23. Rd2 Rfd8 24. Rfd1 Bf8 25. Kg2 Rbc8 26. h3 h5
27. Re2 Bh6 28. f4 Bg7 29. Red2 e4 30. Ne3 Ke6 31. Rd5 b4 32. Nxf5 Bxc3 33.
bxc3 bxc3 34. Ne3 c2 35. f5+ Kf6 36. Rc1 Rc3 37. Kf2 Rd3 38. Rxc2 Rxd5 39.
Nxd5+ Kxf5 40. Ke3 Rf8 41. Rf2+  1-0

[Event "8th ITLukavac 2019"]
[Site "Lukavac, hotel Lukavac"]
[Date "2019.11.23"]
[Round "3"]
[Board "8"]
[White "Mahmutbegovic, Nadina"]
[Black "Djuric, Zoran"]
[Result "0-1"]
[WhiteElo "1983"]
[BlackElo "2192"]
[PlyCount "106"]
[EventDate "2019.11.22"]
[EventRounds "7"]
[EventCountry "BIH"]

1. b3 e5 2. Bb2 Nc6 3. e3 Nf6 4. Bb5 d6 5. Nf3 Bd7 6. O-O a6 7. Be2 g6 8. c4
Bg7 9. d4 e4 10. d5 exf3 11. dxc6 fxe2 12. cxd7+ Nxd7 13. Qxe2 Bxb2 14. Qxb2
Qf6 15. Qxf6 Nxf6 16. Nc3 O-O 17. Rfd1 Rfe8 18. Nd5 Nxd5 19. cxd5 Re7 20. Rac1
Kf8 21. Rc4 Ke8 22. Rdc1 Kd8 23. Kf1 f5 24. Ke2 a5 25. Kd3 Rc8 26. f3 Kd7 27.
Ra4 Rce8 28. e4 b6 29. Rac4 Kd8 30. a4 fxe4+ 31. fxe4 Rf7 32. Ke3 Ree7 33. R4c2
Kc8 34. Rc6 Kb7 35. R6c2 Re5 36. Kd3 Rfe7 37. Rc4 Rh5 38. h3 Rg5 39. g4 h5 40.
Rg1 hxg4 41. hxg4 Rh7 42. Kd4 Re5 43. Rg2 Rh4 44. Rgc2 Re7 45. Rg2 Rh1 46. Rc3
Rf7 47. Re3 Rd1+ 48. Kc3 Re7 49. Ree2 Rf1 50. Re3 Rc1+ 51. Kd3 Rd1+ 52. Kc4 c6
53. Ree2 cxd5+  0-1

[Event "8th ITLukavac 2019"]
[Site "Lukavac, hotel Lukavac"]
[Date "2019.11.23"]
[Round "3"]
[Board "9"]
[White "Aleksic, Neven"]
[Black "Zivkovic, Milenko"]
[Result "1-0"]
[WhiteElo "2182"]
[BlackElo "1971"]
[PlyCount "87"]
[EventDate "2019.11.22"]
[EventRounds "7"]
[EventCountry "BIH"]

1. d4 Nf6 2. c4 c5 3. d5 e6 4. Nc3 exd5 5. cxd5 d6 6. Nf3 Be7 7. e4 O-O 8. Be2
a6 9. a4 Bg4 10. Nd2 Bxe2 11. Qxe2 Nbd7 12. Nc4 Rb8 13. a5 Ne5 14. Nxe5 dxe5
15. O-O Nd7 16. Qg4 b5 17. axb6 Rxb6 18. Rd1 Rg6 19. Qe2 Bg5 20. Rxa6 Nb6 21.
Bxg5 Qxg5 22. g3 Qh6 23. d6 Rxd6 24. Rxd6 Qxd6 25. Nd5 Rb8 26. Qb5 Nd7 27. Rxd6
Rxb5 28. Rxd7 f6 29. Rc7 Rxb2 30. Rxc5 Ra2 31. Ne3 Ra7 32. Kg2 g6 33. Rc6 Rf7
34. Nd5 f5 35. Re6 f4 36. gxf4 exf4 37. Kf3 g5 38. Re8+ Kg7 39. Re7 Rxe7 40.
Nxe7 h5 41. Nd5 Kg6 42. Nxf4+ gxf4 43. Kxf4 Kf6 44. e5+  1-0

[Event "8th ITLukavac 2019"]
[Site "Lukavac, hotel Lukavac"]
[Date "2019.11.23"]
[Round "3"]
[Board "10"]
[White "Kuzmanovic, Slobodan"]
[Black "Tomic, Jelena"]
[Result "1-0"]
[WhiteElo "2144"]
[BlackElo "1961"]
[PlyCount "99"]
[EventDate "2019.11.22"]
[EventRounds "7"]
[EventCountry "BIH"]

1. e4 d5 2. Nc3 d4 3. Nce2 e5 4. Nf3 Bd6 5. Ng3 Nf6 6. Bc4 O-O 7. O-O h5 8. d3
Bg4 9. h3 Be6 10. Bg5 Bxc4 11. dxc4 g6 12. Nxe5 Bxe5 13. f4 Bd6 14. e5 Be7 15.
exf6 Bxf6 16. Bxf6 Qxf6 17. f5 Qg5 18. fxg6 fxg6 19. Rxf8+ Kxf8 20. Qf3+ Kg7
21. Qxb7 Qxg3 22. Qxa8 Nd7 23. Qxa7 Qe3+ 24. Kh1 Qe5 25. Rd1 Nc5 26. b4 Ne6 27.
Qb7 Qe2 28. Qf3 Qxc2 29. Qd3 Qxa2 30. Re1 Qa6 31. b5 Qd6 32. Qe4 Kf6 33. Rd1
Kf7 34. Qd5 Ke7 35. Re1 d3 36. Re5 Qxd5 37. Rxd5 Nf4 38. Rd4 g5 39. h4 Ke6 40.
hxg5 Ke5 41. Rd7 Ke4 42. Kh2 Kf5 43. g6 Kxg6 44. Rxc7 Nd5 45. Rd7 Nb4 46. b6
Kf5 47. b7 Nc6 48. Rxd3 Ke6 49. c5 Ke7 50. Rh3  1-0

[Event "8th ITLukavac 2019"]
[Site "Lukavac, hotel Lukavac"]
[Date "2019.11.23"]
[Round "3"]
[Board "11"]
[White "Mesic, Ismet"]
[Black "Zenelaj, Samuel"]
[Result "0-1"]
[WhiteElo "1964"]
[BlackElo "2132"]
[PlyCount "66"]
[EventDate "2019.11.22"]
[EventRounds "7"]
[EventCountry "BIH"]

1. d4 Nf6 2. c4 g6 3. Nc3 Bg7 4. e4 d6 5. f3 O-O 6. Be3 e5 7. Nge2 Nbd7 8. Qd2
c6 9. O-O-O Qa5 10. Kb1 b5 11. Nd5 Nxd5 12. Qxa5 Nxe3 13. Rc1 Nxc4 14. Qe1 exd4
15. Ng3 d3 16. Bxd3 Nxb2 17. Be2 Ne5 18. a3 Be6 19. h4 Nec4 20. Rc3 a5 21. h5
b4 22. Rxc4 Nxc4 23. Bxc4 Bxc4 24. Qe3 bxa3 25. Qxa3 Rab8+ 26. Kc2 Rb2+ 27.
Qxb2 Bxb2 28. Kxb2 d5 29. exd5 cxd5 30. h6 f5 31. Ra1 Ra8 32. Nh1 Kf7 33. Nf2
g5  0-1

[Event "8th ITLukavac 2019"]
[Site "Lukavac, hotel Lukavac"]
[Date "2019.11.23"]
[Round "3"]
[Board "12"]
[White "Terzic, Ilijas"]
[Black "Imamovic, Samir"]
[Result "1/2-1/2"]
[WhiteElo "2120"]
[BlackElo "1954"]
[PlyCount "56"]
[EventDate "2019.11.22"]
[EventRounds "7"]
[EventCountry "BIH"]

1. d4 d5 2. Nf3 Nf6 3. c4 e6 4. Nc3 c6 5. e3 Bb4 6. Bd3 dxc4 7. Bxc4 Ne4 8. O-O
Bxc3 9. bxc3 Nxc3 10. Qc2 Nb5 11. a4 Nd6 12. Bd3 h6 13. e4 b6 14. Ba3 Qc7 15.
Rac1 Bb7 16. Rfe1 Nd7 17. d5 c5 18. e5 Bxd5 19. exd6 Qxd6 20. Be4 Nf6 21. Bxd5
Nxd5 22. Bb2 O-O 23. Ne5 Nb4 24. Qe4 Rad8 25. Qg4 Qd2 26. Bc3 Qg5 27. Qc4 Nd5
28. Ba1 Nb4  1/2-1/2

[Event "8th ITLukavac 2019"]
[Site "Lukavac, hotel Lukavac"]
[Date "2019.11.23"]
[Round "3"]
[Board "13"]
[White "Acimovic, Radivoje"]
[Black "Sakic, Dino"]
[Result "0-1"]
[WhiteElo "2077"]
[BlackElo "1801"]
[PlyCount "104"]
[EventDate "2019.11.22"]
[EventRounds "7"]
[EventCountry "BIH"]

1. e4 c5 2. Nf3 d6 3. d4 cxd4 4. Nxd4 Nf6 5. Nc3 a6 6. Be2 e5 7. Nb3 Be7 8. O-O
O-O 9. Be3 Be6 10. f4 exf4 11. Bxf4 Nc6 12. Kh1 Qc7 13. Nd4 Nxd4 14. Qxd4 Nd7
15. Bd3 Ne5 16. Nd5 Bxd5 17. exd5 Nxd3 18. Qxd3 Rac8 19. Rae1 Rfe8 20. c4 Qxc4
21. Qxc4 Rxc4 22. Bxd6 Kf8 23. Rxe7 Rxe7 24. Re1 Rcc7 25. Kg1 Ke8 26. Bxe7 Rxe7
27. Rc1 Kd7 28. Kf2 Re5 29. Rc5 Kd6 30. Rc8 Rxd5 31. Ke3 h5 32. a4 Re5+ 33. Kd3
g5 34. Rd8+ Kc7 35. Rh8 h4 36. Rh7 Rf5 37. g3 hxg3 38. hxg3 Kc6 39. Kd4 Kd6 40.
b4 b5 41. a5 Rd5+ 42. Ke3 Ke6 43. Rh8 Rd6 44. Re8+ Kd5 45. Rc8 Rc6 46. Rb8 Kc4
47. Ke4 Kxb4 48. Kd5 Rc3 49. g4 Rc4 50. Rf8 Rf4 51. Ke5 Kxa5 52. Ra8 Rxg4  0-1

[Event "8th ITLukavac 2019"]
[Site "Lukavac, hotel Lukavac"]
[Date "2019.11.23"]
[Round "3"]
[Board "14"]
[White "Pleh, Semir"]
[Black "Mujacic, Haris"]
[Result "0-1"]
[WhiteElo "1815"]
[BlackElo "2025"]
[PlyCount "120"]
[EventDate "2019.11.22"]
[EventRounds "7"]
[EventCountry "BIH"]

1. c4 e5 2. Nc3 Nf6 3. g3 d5 4. cxd5 Nxd5 5. Bg2 Nb6 6. Nf3 Nc6 7. O-O Be7 8.
b3 O-O 9. Bb2 Be6 10. d3 Qd7 11. Ne4 f6 12. Rc1 Rfd8 13. Nc5 Bxc5 14. Rxc5 a5
15. Nd2 Bd5 16. a3 Bxg2 17. Kxg2 Nd4 18. Bxd4 exd4 19. Qc2 c6 20. Nf3 Qd6 21.
Rc1 Kh8 22. Qb2 Rd7 23. Kg1 Rdd8 24. b4 Na4 25. Qb3 Nxc5 26. bxc5 Qe7 27. Qb2
Rd5 28. Nxd4 Rad8 29. Nb3 a4 30. Na5 Rxc5 31. Rxc5 Qxc5 32. Nxb7 Rb8 33. Nxc5
Rxb2 34. Nxa4 Rxe2 35. Nb6 Rb2 36. Nc4 Rb3 37. Na5 Rxd3 38. Nxc6 Rxa3 39. Kg2
Kg8 40. Ne7+ Kf7 41. Nf5 g6 42. Ne3 Ke6 43. h4 h5 44. Kf1 Ra2 45. Kg2 Ke5 46.
Kf3 Ra3 47. Ke2 Rc3 48. Kd2 Rb3 49. Ke2 Ke4 50. f3+ Kd4 51. Nc2+ Kc3 52. Ne1
Rb8 53. Ng2 Rb2+ 54. Kf1 Kd3 55. Kg1 Ke2 56. Nf4+ Kxf3 57. Nxg6 Kxg3 58. Kf1 f5
59. Ke1 f4 60. Ne5 f3  0-1

[Event "8th ITLukavac 2019"]
[Site "Lukavac, hotel Lukavac"]
[Date "2019.11.23"]
[Round "3"]
[Board "15"]
[White "Hasanovic, Mustafa"]
[Black "Lipovcic, Marko"]
[Result "0-1"]
[WhiteElo "1833"]
[BlackElo "2167"]
[PlyCount "76"]
[EventDate "2019.11.22"]
[EventRounds "7"]
[EventCountry "BIH"]

1. c4 c6 2. Nf3 d5 3. e3 Nf6 4. Nc3 e6 5. Be2 Be7 6. O-O O-O 7. h3 Nbd7 8. d4
dxc4 9. Bxc4 b6 10. e4 b5 11. Bd3 Nb6 12. Be3 Bb7 13. a3 a5 14. Qc2 g6 15. Rad1
Rc8 16. Qb1 b4 17. axb4 axb4 18. Ne2 Nbd7 19. Ng3 Qa5 20. b3 c5 21. Bc4 cxd4
22. Bxd4 Nc5 23. Rfe1 Qa8 24. Qc1 Nxb3 25. Qb2 Nxd4 26. Rxd4 Rfd8 27. Ne5 Qb8
28. Red1 Rxd4 29. Rxd4 Bd6 30. Nf3 e5 31. Rxd6 Qxd6 32. Qb3 Nxe4 33. Nxe4 Bxe4
34. Ng5 Rxc4 35. Qxc4 Bd5 36. Qd3 Qc5 37. Qg3 Qc1+ 38. Kh2 Qf4  0-1

[Event "8th ITLukavac 2019"]
[Site "Lukavac, hotel Lukavac"]
[Date "2019.11.23"]
[Round "3"]
[Board "16"]
[White "Manic, Mujo"]
[Black "Tonkovic, Robert"]
[Result "0-1"]
[WhiteElo "1820"]
[BlackElo "2118"]
[PlyCount "52"]
[EventDate "2019.11.22"]
[EventRounds "7"]
[EventCountry "BIH"]

1. d4 Nf6 2. c4 g6 3. Nc3 d5 4. e3 Bg7 5. cxd5 Nxd5 6. Bd3 Nxc3 7. bxc3 O-O 8.
Ne2 c5 9. O-O Nc6 10. f3 cxd4 11. cxd4 e5 12. Ba3 Re8 13. Be4 exd4 14. Bxc6
bxc6 15. Nxd4 Rxe3 16. Bc5 Re8 17. Qa4 Qd5 18. Rac1 Be6 19. a3 Bd7 20. Rfd1 Qg5
21. Qa6 Bh3 22. Rc2 Bxg2 23. f4 Qg4 24. Rd3 Bh3+ 25. Rg3 Qd1+ 26. Kf2 Qe1+  0-1

[Event "8th ITLukavac 2019"]
[Site "Lukavac, hotel Lukavac"]
[Date "2019.11.23"]
[Round "3"]
[Board "17"]
[White "Katkic, Amel"]
[Black "Markovic, Rade A"]
[Result "1-0"]
[WhiteElo "2105"]
[BlackElo "1803"]
[PlyCount "107"]
[EventDate "2019.11.22"]
[EventRounds "7"]
[EventCountry "BIH"]

1. e4 e5 2. d4 exd4 3. Nf3 Nc6 4. Bc4 Nf6 5. O-O d6 6. Nxd4 Ne5 7. Bb3 c5 8.
Nf3 Bg4 9. Ba4+ Nfd7 10. Bf4 Bxf3 11. gxf3 Qf6 12. Bxe5 Qxe5 13. Bxd7+ Kxd7 14.
Nc3 Re8 15. Qd5 Qxd5 16. Nxd5 f5 17. Rfe1 Re5 18. c4 g5 19. Rad1 h5 20. Re3 Rh6
21. exf5 Rxf5 22. Rde1 Rh7 23. Kg2 Rhf7 24. h3 Rxd5 25. cxd5 Bg7 26. Re6 c4 27.
R6e4 b5 28. R1e2 Be5 29. R4e3 b4 30. Re4 c3 31. bxc3 bxc3 32. Ra4 Kc8 33. Rc4+
Kb7 34. Ree4 h4 35. Rc6 Rc7 36. Rxc7+ Kxc7 37. Rc4+ Kb6 38. a4 Ka5 39. Kf1 c2
40. Rxc2 Kxa4 41. Ra2+ Kb4 42. Rxa7 Kc4 43. Ke2 Kxd5 44. Kd3 Bd4 45. Ra4 Bxf2
46. Rg4 Ke5 47. Ke2 Bg3 48. Rxg5+ Kd4 49. Rg4+ Kc3 50. f4 Kd4 51. Kf3 d5 52.
Rg8 Kc5 53. f5 Be5 54. Rg6  1-0

[Event "8th ITLukavac 2019"]
[Site "Lukavac, hotel Lukavac"]
[Date "2019.11.23"]
[Round "3"]
[Board "18"]
[White "Coric, Ahmed"]
[Black "Miftari, Hedon"]
[Result "1-0"]
[WhiteElo "2104"]
[BlackElo "1771"]
[PlyCount "103"]
[EventDate "2019.11.22"]
[EventRounds "7"]
[EventCountry "BIH"]

1. e4 c5 2. Nf3 Nc6 3. d4 cxd4 4. Nxd4 Nf6 5. Nc3 e5 6. Ndb5 d6 7. Bg5 a6 8.
Na3 b5 9. Nd5 Be7 10. Nxf6+ Bxf6 11. Bxf6 Qxf6 12. c4 b4 13. Nc2 a5 14. Be2 Bb7
15. O-O O-O 16. Qd3 Rfd8 17. a3 Qg6 18. Bf3 d5 19. axb4 Nxb4 20. Nxb4 dxe4 21.
Qc2 f5 22. Be2 axb4 23. Rxa8 Bxa8 24. Rd1 Rxd1+ 25. Qxd1 Qc6 26. Qd8+ Kf7 27.
Qg5 g6 28. h4 Qf6 29. Qe3 Qe7 30. Qb6 Qb7 31. Qd6 Qe7 32. Qb8 Bc6 33. h5 Kg7
34. Qb6 Be8 35. c5 b3 36. c6 Qe6 37. Qb7+ Kh6 38. c7 Bd7 39. Ba6 Qd6 40. c8=Q
Bxc8 41. Qxc8 Qd1+ 42. Bf1 Qc2 43. Qh8 Qxb2 44. hxg6 Kxg6 45. g4 fxg4 46. Qg8+
Kf6 47. Qf8+ Kg6 48. Bb5 Qc1+ 49. Kg2 b2 50. Be8+ Kg5 51. Qg7+ Kh4 52. Qxh7+
 1-0

[Event "8th ITLukavac 2019"]
[Site "Lukavac, hotel Lukavac"]
[Date "2019.11.23"]
[Round "3"]
[Board "19"]
[White "Colpa, Husein"]
[Black "Jovovic, Milan"]
[Result "0-1"]
[WhiteElo "1798"]
[BlackElo "2061"]
[PlyCount "130"]
[EventDate "2019.11.22"]
[EventRounds "7"]
[EventCountry "BIH"]

1. d4 Nf6 2. Bg5 Ne4 3. Be3 d5 4. f3 Nd6 5. g4 Nc4 6. Bc1 e5 7. h4 exd4 8. Qxd4
Nc6 9. Qf2 b6 10. e3 N4e5 11. Ne2 Bd6 12. Nf4 Ne7 13. b3 Bb7 14. Bb2 O-O 15.
Nd2 a5 16. a4 c5 17. Bg2 Qc7 18. Rh3 c4 19. bxc4 dxc4 20. Bd4 N5c6 21. Ne2 Nb4
22. Kd1 Be5 23. f4 Bxd4 24. Nxd4 Ned5 25. Bxd5 Bxd5 26. e4 Bb7 27. Qe3 Rfd8 28.
c3 Nd3 29. e5 Ba6 30. Kc2 Re8 31. g5 Qd7 32. h5 Nc5 33. g6 Nxa4 34. gxf7+ Qxf7
35. Rxa4 Bc8 36. Rh2 Bd7 37. Ra1 b5 38. Qe4 b4 39. f5 bxc3 40. Kxc3 Qe7 41.
Qd5+ Kh8 42. Rxa5 Rab8 43. h6 Qb4+ 44. Kc2 Ba4+ 45. Rxa4 Qxa4+ 46. Kc3 Qa3+ 47.
N2b3 gxh6 48. Kxc4 Qa6+ 49. Kc3 Rec8+ 50. Kd2 Qa2+ 51. Kd3 Qxh2 52. Nc5 Qg3+
53. Kc4 Qg8 54. e6 Qg4 55. Qe5+ Kg8 56. e7 Qg7 57. f6 Qf7+ 58. Nde6 Rb6 59. Kd4
h5 60. Qg5+ Kh8 61. Qf4 Rb4+ 62. Ke5 Rxf4 63. Nxf4 Rxc5+ 64. Kd6 Rf5 65. Kd7
Rxf4  0-1

[Event "8th ITLukavac 2019"]
[Site "Lukavac, hotel Lukavac"]
[Date "2019.11.23"]
[Round "3"]
[Board "20"]
[White "Barisic, Predrag"]
[Black "Bakula, Dalibor"]
[Result "1-0"]
[WhiteElo "2045"]
[BlackElo "1759"]
[PlyCount "27"]
[EventDate "2019.11.22"]
[EventRounds "7"]
[EventCountry "BIH"]

1. d4 Nf6 2. c4 e6 3. Nf3 b6 4. Nc3 Bb7 5. Bg5 Be7 6. g3 h6 7. Bxf6 Bxf6 8. Bg2
d6 9. O-O Nd7 10. Qc2 O-O 11. e4 e5 12. dxe5 Nxe5 13. Nd5 Nxf3+ 14. Bxf3  1-0

[Event "8th ITLukavac 2019"]
[Site "Lukavac, hotel Lukavac"]
[Date "2019.11.23"]
[Round "3"]
[Board "21"]
[White "Yurdakul, Didem Nuray"]
[Black "Mahmutbegovic, Muharem"]
[Result "0-1"]
[WhiteElo "1756"]
[BlackElo "2042"]
[PlyCount "60"]
[EventDate "2019.11.22"]
[EventRounds "7"]
[EventCountry "BIH"]

1. e4 c6 2. d4 d5 3. exd5 cxd5 4. c4 Nf6 5. Nc3 e6 6. Nf3 Be7 7. cxd5 Nxd5 8.
Bd3 Nc6 9. O-O O-O 10. Ne4 f5 11. Ng3 Bf6 12. Bb1 Qe8 13. Re1 Qg6 14. a3 Rd8
15. Ne5 Nxe5 16. dxe5 Be7 17. Qf3 b6 18. Ba2 Bb7 19. Qh5 Qxh5 20. Nxh5 Rac8 21.
Be3 Kf7 22. Bb3 Nxe3 23. Rxe3 g5 24. Re2 Ba6 25. Ree1 Rd2 26. Ng3 Rxb2 27. Bd1
Rd8 28. Nf1 Bc5 29. Bh5+ Ke7 30. Ne3 Rdd2  0-1

[Event "8th ITLukavac 2019"]
[Site "Lukavac, hotel Lukavac"]
[Date "2019.11.23"]
[Round "3"]
[Board "22"]
[White "Sajin, Mirko"]
[Black "Pasalic, Adnan"]
[Result "0-1"]
[WhiteElo "1679"]
[BlackElo "2029"]
[PlyCount "74"]
[EventDate "2019.11.22"]
[EventRounds "7"]
[EventCountry "BIH"]

1. e4 e6 2. d3 d5 3. Nd2 Nf6 4. g3 b6 5. Bg2 Bb7 6. e5 Nfd7 7. d4 c5 8. c3 cxd4
9. cxd4 Be7 10. Ngf3 Ba6 11. Bf1 Bxf1 12. Kxf1 O-O 13. Kg2 Nc6 14. Nb3 a5 15.
Be3 a4 16. Nbd2 b5 17. h4 Qb6 18. g4 f6 19. Nf1 fxe5 20. Nxe5 Ndxe5 21. dxe5 d4
22. Bg5 Bxg5 23. hxg5 Nxe5 24. Ng3 Qc6+ 25. Kh3 Nf3 26. g6 hxg6 27. Rc1 Qd5 28.
Qd3 Ne5 29. Qd2 Nf3 30. Qd3 Qg5 31. Qe4 Rae8 32. Rc2 Rf4 33. Qc6 Qxg4+ 34. Kg2
Rff8 35. Qd7 Ne5 36. Qc7 Qf3+ 37. Kg1 d3  0-1

[Event "8th ITLukavac 2019"]
[Site "Lukavac, hotel Lukavac"]
[Date "2019.11.23"]
[Round "3"]
[Board "23"]
[White "Pestek, Elvis"]
[Black "Ozkurt, Kutay"]
[Result "1/2-1/2"]
[WhiteElo "1972"]
[BlackElo "1708"]
[PlyCount "29"]
[EventDate "2019.11.22"]
[EventRounds "7"]
[EventCountry "BIH"]

1. e4 c5 2. Nf3 Nc6 3. d4 cxd4 4. Nxd4 e5 5. Nb3 Nf6 6. Nc3 Bb4 7. Bd2 Bxc3 8.
bxc3 b6 9. Bd3 O-O 10. c4 d6 11. O-O Be6 12. Qe2 Qe7 13. f4 exf4 14. Rxf4 Ne5
15. Nd4  1/2-1/2

[Event "8th ITLukavac 2019"]
[Site "Lukavac, hotel Lukavac"]
[Date "2019.11.23"]
[Round "3"]
[Board "24"]
[White "Selimovic, Amir"]
[Black "Hankic, Ramiz"]
[Result "0-1"]
[WhiteElo "1958"]
[BlackElo "1620"]
[PlyCount "62"]
[EventDate "2019.11.22"]
[EventRounds "7"]
[EventCountry "BIH"]

1. e4 Nc6 2. Nf3 d6 3. d4 Nf6 4. Nc3 a6 5. a4 h6 6. h3 e6 7. Be2 Be7 8. O-O b6
9. Be3 Bb7 10. Nd2 O-O 11. f4 Nh7 12. Nf3 Kh8 13. d5 exd5 14. Nxd5 Nf6 15. Nc3
Nb4 16. Bd3 c5 17. e5 dxe5 18. fxe5 Nbd5 19. Nxd5 Nxd5 20. Qd2 Nxe3 21. Qxe3 c4
22. Kh1 cxd3 23. cxd3 Rc8 24. Rac1 Rxc1 25. Rxc1 Bxf3 26. Qxf3 Qd4 27. Qe2 Bc5
28. Qh5 Qxd3 29. Rd1 Qg6 30. Qe2 a5 31. Rd7 Qc6  0-1

[Event "8th ITLukavac 2019"]
[Site "Lukavac, hotel Lukavac"]
[Date "2019.11.23"]
[Round "3"]
[Board "26"]
[White "Mulic, Sulejman"]
[Black "Lazic, Emanuel"]
[Result "1-0"]
[WhiteElo "1892"]
[BlackElo "1549"]
[PlyCount "87"]
[EventDate "2019.11.22"]
[EventRounds "7"]
[EventCountry "BIH"]

1. c4 Nf6 2. Nc3 c5 3. e4 Nc6 4. g3 d6 5. h3 e6 6. Bg2 Be7 7. Nge2 Bd7 8. O-O
O-O 9. d3 a6 10. a4 Qc7 11. Be3 Rab8 12. f4 Nb4 13. Rc1 Rfc8 14. g4 b5 15. axb5
axb5 16. b3 bxc4 17. dxc4 Bc6 18. Ng3 Rb6 19. g5 Nd7 20. f5 Ne5 21. f6 Bf8 22.
fxg7 Bxg7 23. Nh5 Ned3 24. Nf6+ Kh8 25. Qh5 Bxf6 26. Rxf6 Be8 27. g6 Kg7 28.
gxh7 Bc6 29. Rcf1 Ne5 30. Qg5+ Kh8 31. Qh5 Nbd3 32. Bh6 Kxh7 33. Bg5+ Kg7 34.
Rh6 Rg8 35. Rh7+ Kf8 36. Qh6+ Ke8 37. Rfxf7 Nxf7 38. Qxe6+ Kf8 39. Bh6+ Nxh6
40. Rxc7 Rxg2+ 41. Kh1 Rg8 42. Qxh6+ Ke8 43. Qe6+ Kd8 44. Rc8#  1-0

[Event "8th ITLukavac 2019"]
[Site "Lukavac, hotel Lukavac"]
[Date "2019.11.23"]
[Round "3"]
[Board "28"]
[White "Lapo, Safet"]
[Black "Mahmutbegovic, Midhat"]
[Result "0-1"]
[WhiteElo "1760"]
[BlackElo "2031"]
[PlyCount "98"]
[EventDate "2019.11.22"]
[EventRounds "7"]
[EventCountry "BIH"]

1. d4 d5 2. Nf3 Nf6 3. Bf4 Bg4 4. e3 e6 5. Be2 Bd6 6. Bxd6 Qxd6 7. c3 Nbd7 8.
Nbd2 O-O 9. O-O c5 10. h3 Bxf3 11. Nxf3 c4 12. Nd2 b5 13. Bf3 Rab8 14. Re1 Rfc8
15. e4 dxe4 16. Nxe4 Nxe4 17. Rxe4 a5 18. a3 Re8 19. Re3 Rbd8 20. Qc2 e5 21.
Rd1 exd4 22. Rxd4 Qc7 23. Qd2 Nc5 24. Qe2 Kf8 25. g3 Rxe3 26. Qxe3 Re8 27. Qf4
Re1+ 28. Kg2 Qxf4 29. Rxf4 Nd3 30. Rf5 Rb1 31. Rxb5 Ne1+ 32. Kf1 Nxf3+ 33. Ke2
Ne1 34. Rc5 Nc2 35. Kd2 Na1 36. Rxc4 Rxb2+ 37. Ke3 Ra2 38. Ra4 Rxa3 39. Rxa3
Nc2+ 40. Kd3 Nxa3 41. c4 Ke7 42. Kc3 Kd6 43. Kb3 Nb1 44. Kc2 Kc5 45. Kxb1 Kxc4
46. Kc2 Kd4 47. Kb3 Ke4 48. Ka4 Kf3 49. Kxa5 Kxf2  0-1

[Event "8th ITLukavac 2019"]
[Site "Lukavac, hotel Lukavac"]
[Date "2019.11.23"]
[Round "3"]
[Board "29"]
[White "Hamzic, Adil"]
[Black "Huremovic, Fadil"]
[Result "1-0"]
[WhiteElo "1701"]
[BlackElo "1795"]
[PlyCount "105"]
[EventDate "2019.11.22"]
[EventRounds "7"]
[EventCountry "BIH"]

1. e4 c5 2. Nf3 Nc6 3. d4 cxd4 4. Nxd4 e5 5. Nb5 a6 6. Nd6+ Bxd6 7. Qxd6 Qe7 8.
Qd2 Nf6 9. Nc3 O-O 10. Bc4 b5 11. Nd5 Nxd5 12. Bxd5 Rb8 13. a4 b4 14. b3 Bb7
15. Bb2 a5 16. O-O d6 17. Rad1 Rfd8 18. f4 Rf8 19. Qf2 Nd8 20. Qb6 Ne6 21. Bxb7
Rxb7 22. Qxd6 Qxd6 23. Rxd6 exf4 24. Rd5 Rc7 25. Rf2 Rfc8 26. Rdd2 Rc5 27. Kf1
h6 28. Ke1 g5 29. Kd1 Kh7 30. Rd5 Kg6 31. Rfd2 g4 32. Rxc5 Rxc5 33. Rd5 h5 34.
Rxc5 Nxc5 35. e5 h4 36. Bd4 Nd7 37. Ke2 Kf5 38. c3 Ke4 39. h3 g3 40. cxb4 Kxd4
41. bxa5 Nc5 42. Kf3 Kxe5 43. b4 Nb3 44. a6 Nd4+ 45. Kg4 f5+ 46. Kxh4 Nf3+ 47.
Kh5 Ne1 48. a7 Nxg2 49. a8=Q Ne3 50. Qh1 g2 51. Qg1 Ke4 52. a5 f3 53. a6  1-0

[Event "8th ITLukavac 2019"]
[Site "Lukavac, hotel Lukavac"]
[Date "2019.11.23"]
[Round "3"]
[Board "30"]
[White "Mujcinovic, Muharem"]
[Black "Pavicic, Karlo"]
[Result "1/2-1/2"]
[WhiteElo "1770"]
[BlackElo "1535"]
[PlyCount "109"]
[EventDate "2019.11.22"]
[EventRounds "7"]
[EventCountry "BIH"]

1. e4 e5 2. Nf3 Nc6 3. Nc3 Nf6 4. Bc4 Bc5 5. h3 O-O 6. a4 d6 7. d3 h6 8. O-O
Be6 9. Ba2 a6 10. Bd2 Qd7 11. Nh2 Bxa2 12. Nxa2 Nh7 13. c3 f5 14. exf5 Qxf5 15.
Be3 Bxe3 16. fxe3 Qg6 17. e4 Rxf1+ 18. Nxf1 Rf8 19. Ne3 Ne7 20. Qg4 Qxg4 21.
Nxg4 Ng5 22. Nb4 a5 23. Nc2 Ne6 24. Re1 b6 25. d4 exd4 26. Nxd4 Nxd4 27. cxd4
h5 28. Nf2 Kf7 29. Rc1 c5 30. e5 Ke6 31. exd6 Kxd6 32. dxc5+ bxc5 33. Ne4+ Kd5
34. Nxc5 Rc8 35. Nd3 Rxc1+ 36. Nxc1 Kc4 37. Kf2 Kb4 38. Ke2 Kxa4 39. Kd3 Kb4
40. Kc2 Nd5 41. Nd3+ Kb5 42. Ne1 a4 43. Kd2 Kc4 44. g4 hxg4 45. hxg4 Kb3 46.
Nd3 Nf6 47. Nc5+ Kb4 48. Ne6 Nxg4 49. Nxg7 Kb3 50. Kc1 Ne5 51. Ne6 Kb4 52. Kb1
Nd3 53. Ka2 Nc1+ 54. Kb1 Nb3 55. Ka2  1/2-1/2

[Event "8th ITLukavac 2019"]
[Site "Lukavac, hotel Lukavac"]
[Date "2019.11.23"]
[Round "3"]
[Board "31"]
[White "Lukic, Djordje"]
[Black "Mesic, Merim"]
[Result "0-1"]
[WhiteElo "1407"]
[BlackElo "1752"]
[PlyCount "110"]
[EventDate "2019.11.22"]
[EventRounds "7"]
[EventCountry "BIH"]

1. e4 e6 2. d4 d5 3. e5 c5 4. c3 Nc6 5. Nf3 Bd7 6. Bd3 Qb6 7. dxc5 Bxc5 8. O-O
Qc7 9. Qe2 a6 10. Be3 Be7 11. Bc1 b5 12. Nbd2 Na5 13. Rb1 Nc4 14. Nxc4 bxc4 15.
Bc2 Bc5 16. b3 Bb5 17. Nd4 Ba7 18. Nxb5 axb5 19. bxc4 bxc4 20. Ba4+ Kf8 21. Qb2
Rb8 22. Qa3+ Ne7 23. Rxb8+ Bxb8 24. Bg5 h6 25. Bxe7+ Qxe7 26. Qxe7+ Kxe7 27. f4
Ba7+ 28. Kh1 Rb8 29. h3 g6 30. Ra1 Be3 31. Bc2 Bxf4 32. a4 Bxe5 33. a5 Bxc3 34.
Ra3 Bb4 35. Ra4 Bc5 36. a6 Ra8 37. Kh2 Kd6 38. Kg3 f5 39. Ra5 Kc6 40. Ba4+ Kd6
41. Bc2 g5 42. h4 Ra7 43. hxg5 hxg5 44. Kf3 Bb6 45. Ra2 Ke5 46. g4 f4 47. Bd1
Be3 48. Rh2 Rxa6 49. Rh5 Kd4 50. Rxg5 e5 51. Rf5 e4+ 52. Kg2 Rg6 53. g5 f3+ 54.
Kh3 Bxg5 55. Rxg5 Rxg5  0-1